| 000 | 00913nam a2200301 i 4500 | ||
|---|---|---|---|
| 001 | 000024366 | ||
| 003 | DO-SdBNP | ||
| 005 | 20240412074251.0 | ||
| 007 | ta | ||
| 008 | 110126e2010 dr gr 001 p spa d | ||
| 020 | _a9789945003253 | ||
| 040 |
_aDO-SdBNP _bspa _cBNPHU _erda |
||
| 082 | 4 |
_bM878a _222 |
|
| 245 | 0 | 0 |
_aAntología poética dominicana : _bhomenaje a las madres / _cCompilador, Mateo Morrison. |
| 250 | _a2a ed. | ||
| 264 |
_aSanto Domingo : _bBúho, _c2010. |
||
| 300 |
_a166 páginas ; _c23 cm. |
||
| 336 |
_2rdacontent _atexto _btxt |
||
| 337 |
_2rdamedia _asin mediación _bn |
||
| 338 |
_2rdacarrier _avolumen _bnc |
||
| 586 | _aPremio nacional de literatura | ||
| 590 | _aInventariado 2023 /MF | ||
| 650 | 0 |
_aLiteratura dominicana. _xpoesía _967 |
|
| 650 | 4 |
_976726 _aPoesía dominicana |
|
| 700 | 1 |
_aMorrison, Mateo, _d1947- _ecompilador _91469 |
|
| 910 | _aMFeliz | ||
| 942 |
_2ddc _cLBS1 |
||
| 999 |
_c23859 _d23859 |
||